000 00412 a2200169 4500
001 74680
020 _a850600796-8
040 _cAnchieta - Colégio São Paulo
100 _aCaseli, Giovanni
240 1 0 _aO Império Romano e a Idade Média
_lpor
245 1 0 _aO Império Romano e a Idade Média
300 _a48
362 0 _a1992
440 1 _aMelhoramentos
650 4 _aHistória do mundo
942 _cBK
999 _c74680
_d74680